El turno del pueblo: crisis nacional, movimientos populares y populismo en España, 1890-1910
Enregistré dans:
| Auteur principal: | |
|---|---|
| Format: | Livre |
| Langue: | espagnol |
| Publié: |
Barcelona, España
Península
2000
|
| Collection: | Historia, Ciencia, Sociedad,
295 |
| Sujets: | |
| Tags: |
Ajouter un tag
Pas de tags, Soyez le premier à ajouter un tag!
|
MARC
| LEADER | 00000nam a2200000 a 4500 | ||
|---|---|---|---|
| 001 | UCL6652 | ||
| 003 | CL-VaPUC | ||
| 005 | 20211026120603.0 | ||
| 008 | 040416e20000000SP |||||||||||||||||spa|d | ||
| 999 | |c 308643 |d 308641 | ||
| 020 | |a 848307270X | ||
| 040 | |c Pontificia Universidad Católica de Valparaíso | ||
| 082 | 0 | 4 | |a 946.9036 SER 2000 |2 21 |
| 100 | 0 | |a Serrano, Carlos |e author |9 484277 | |
| 245 | 1 | 3 | |a El turno del pueblo: |b crisis nacional, movimientos populares y populismo en España, 1890-1910 |
| 260 | |a Barcelona, España |b Península |c 2000 | ||
| 300 | |a 319 páginas | ||
| 490 | 0 | |a Historia, Ciencia, Sociedad, |v 295 | |
| 583 | |a last modification |c 20040416 00:00:00 |k Rodrigo Vera | ||
| 650 | 7 | |a HISTORIA DE ESPAÑA |2 CL-VaPUC |9 391806 |y SIGLOS 19-20 | |
| 650 | 7 | |a CRISIS POLITICA |2 CL-VaPUC |9 327740 |z ESPAÑA | |
| 650 | 0 | |a Movimientos revolucionarios |z ESPAÑA |9 349711 | |
| 650 | 0 | |a Populismo |z ESPAÑA |9 403172 | |
| 852 | |a BIBCUR | ||
| 942 | |c BK |2 ddc | ||
| 945 | |d 20040416 00:00:00 |a cmena | ||
| 952 | |0 0 |1 0 |2 ddc |4 0 |6 946_903600000000000_SER_2000 |7 0 |8 A |9 375316 |a BIBHIS |b BIBHIS |d 2019-11-21 |i 4006771 |o 946.9036 SER 2000 |p 4006771 |r 2025-01-20 |t 1 |w 2019-11-21 |y BK |k HIS | ||